000 00754nam a22001577a 4500
003 OSt
005 20150924155121.0
008 150924b xxu||||| |||| 00| 0 eng d
040 _cRUA
082 _aAGR CHH 2012 B052 Or.1
100 _91273
_aCHHOM SAN
245 _aThe effective of the controling method for weed on the output of ir66 in royal university of agriculture,(ប្រសិទ្ធភាពនៃវិធីសាស្រ្តគ្រប់គ្រងស្នៅចង្រៃលើទិន្នផលស្រូវអ៊ីអ៊ែរ ៦៦ នៅសាកលវិទ្យាល័យភូមិន្ទកសិកម្ម)
260 _aphnom penh
_bRUA
_c2012
300 _axi, 52p.
_cill.
_g29cm.
942 _2ddc
_cAGR
999 _c1205
_d1205